00983nam a2200229Ia 4500008004100000082001300041100001800054245004200072250000800114260003100122300000800153500002400161650001400185700002000199942000700219952010200226952010200328952010200430952010200532952010200634999001700736230524s9999 xx 000 0 und d a540bMOH aB.K.Mohapatra 0aText Book of Engineering Chemistry-II a1ST aCUTTACKbKitab Mahalc2005 a212 aQuantity Number: 5 aChemistry a Rashmi Acharya cBK 00104070aTATCLbTATCLcGENd2023-05-24l0o540 MOHp7461r2023-05-24w2023-05-24yBKzCPEC5308 00104070aTATCLbTATCLcGENd2023-05-24l0o540 MOHp7462r2023-05-24w2023-05-24yBKzCPEC5308 00104070aTATCLbTATCLcGENd2023-05-24l0o540 MOHp7463r2023-05-24w2023-05-24yBKzCPEC5308 00104070aTATCLbTATCLcGENd2023-05-24l0o540 MOHp7464r2023-05-24w2023-05-24yBKzCPEC5308 00104070aTATCLbTATCLcGENd2023-05-24l0o540 MOHp7465r2023-05-24w2023-05-24yBKzCPEC5308 c24829d24829